Catálogo

Picasso / (Registro nro. 63731)

Detalles MARC
000 -LEADER
fixed length control field 00690nam a2200229 u 4500
001 - CONTROL NUMBER
control field 63731
005 - DATE AND TIME OF LATEST TRANSACTION
control field 20180714070303.0
008 - FIXED-LENGTH DATA ELEMENTS--GENERAL INFORMATION
fixed length control field 151119s2014 sp r 000 0 spa d
020 ## - INTERNATIONAL STANDARD BOOK NUMBER
International Standard Book Number 978-607-605-279-2
082 0# - DEWEY DECIMAL CLASSIFICATION NUMBER
Classification number 759.6
Item number DOU
100 1# - MAIN ENTRY--PERSONAL NAME
Personal name Douglas Duncan, David.
245 10 - TITLE STATEMENT
Title Picasso /
Statement of responsibility, etc. Douglas Duncan, David.
264 #1 - PRODUCTION, PUBLICATION, DISTRIBUTION, MANUFACTURE, AND COPYRIGHT NOTICE
Place of production, publication, distribution, manufacture España :
Name of producer, publisher, distributor, manufacturer Sucession Picaso 2014,
Date of production, publication, distribution, manufacture, or copyright notice 2014
300 ## - PHYSICAL DESCRIPTION
Extent 315 páginas ;
Dimensions 31 cm.
336 ## - CONTENT TYPE
Content type term texto
Source rdacontent
337 ## - MEDIA TYPE
Media type term sin mediación
Source rdamedia
338 ## - CARRIER TYPE
Carrier type term volúmen
Source rdacarrier
650 #4 - SUBJECT ADDED ENTRY--TOPICAL TERM
Topical term or geographic name entry element Picasso, Pablo
650 #4 - SUBJECT ADDED ENTRY--TOPICAL TERM
Topical term or geographic name entry element Pintores españoles
General subdivision Fotografías
650 #4 - SUBJECT ADDED ENTRY--TOPICAL TERM
Topical term or geographic name entry element Cubismo
General subdivision Fotografías
650 #4 - SUBJECT ADDED ENTRY--TOPICAL TERM
Topical term or geographic name entry element Arte moderno
General subdivision España
Existencias
Withdrawn status Lost status Source of classification or shelving scheme Damaged status Not for loan Collection code Home library Current library Shelving location Date acquired Source of acquisition Inventory number Total Checkouts Full call number Barcode Date last seen Date last checked out Price effective from Koha item type
    Dewey Decimal Classification     General Biblioteca Karol Wojtyla Biblioteca Karol Wojtyla Sala general 19/11/2015 Compra 151000000000000000023186 2 759.6 DUN 2014 93483 10/04/2026 27/03/2026 19/11/2015 Libro